[Event "Mechanics' Winter TNM; 30/90, SD/30"]
[Site "San Francisco"]
[Date "2011.01.18"]
[Round "3.22"]
[White "Capdeville, Barry"]
[Black "MacIntyre, Brendan"]
[Result "0-1"]
[WhiteElo "1268"]
[BlackElo "1669"]
[PlyCount "60"]
[EventDate "2011.??.??"]

1. e4 c5 2. Nf3 Nc6 3. d4 cxd4 4. Nxd4 g6 5. Nc3 Bg7 6. Be3 d6 7. Qd2 Nf6 8.
Bh6 $2 Bxh6 9. Qxh6 Nxd4 10. Qd2 Qb6 11. O-O-O Nc6 12. f4 Be6 13. Bb5 a6 14.
Ba4 Qc5 15. Bxc6+ Qxc6 16. Rhe1 b5 17. Kb1 a5 18. Ne2 Nxe4 19. Qe3 Nc5 20. Nd4
Qd7 21. Nxe6 Nxe6 22. Qc3 Rg8 23. Rd2 Qb7 24. Qg3 Kd7 25. Qh3 h5 26. f5 Ng5 27.
Qe3 Ne4 28. Qxe4 Qxe4 29. Rxe4 gxf5 30. Re1 Rac8 0-1

[Event "Mechanics' Winter TNM; 30/90, SD/30"]
[Site "San Francisco"]
[Date "2011.02.22"]
[Round "8.21"]
[White "Capdeville, Barry"]
[Black "Montoya, Daniel"]
[Result "1-0"]
[WhiteElo "1268"]
[BlackElo "1496"]
[PlyCount "59"]
[EventDate "2011.??.??"]

1. e4 e5 2. Nf3 Nc6 3. Bb5 f5 4. d3 fxe4 5. dxe4 Nf6 6. Bg5 Bc5 7. Nc3 d6 8. h3
O-O 9. O-O Be6 10. Na4 Bb6 11. Nxb6 axb6 12. c3 Qe8 13. Qc2 Qg6 14. Bd3 Nh5 15.
Qd2 Nf4 16. Bxf4 Rxf4 17. Qe3 Raf8 (17... Bxh3) 18. Nh2 Ne7 19. Kh1 Qh6 20. Qg3
R8f6 21. f3 Rg6 22. Ng4 Bxg4 23. fxg4 Rfxg4 24. Bc4+ d5 25. Qxe5 Re6 26. Bxd5
Nxd5 27. Qxd5 Rgxe4 28. Qd8+ Re8 29. Qxc7 Qd2 30. Qf7+ 1-0

[Event "Mechanics' Winter TNM; 30/90, SD/30"]
[Site "San Francisco"]
[Date "2011.02.08"]
[Round "6.13"]
[White "Chalissery, Jossy"]
[Black "Chamberlain, Ethan"]
[Result "1-0"]
[WhiteElo "1690"]
[BlackElo "1844"]
[PlyCount "73"]
[EventDate "2011.??.??"]

1. b3 e5 2. Bb2 Nc6 3. e3 d6 4. c4 Bf5 5. d3 Nf6 6. Nf3 Be7 7. Be2 Qd7 8. Nc3
d5 9. cxd5 Nxd5 10. e4 Nxc3 11. Bxc3 Bg4 12. Nxe5 Bxe2 13. Qxe2 Nxe5 14. Bxe5
Bb4+ 15. Kf1 f6 16. Bb2 O-O-O 17. Rd1 Rhe8 18. h4 Qb5 19. Rh3 Qa6 20. Qg4+ Kb8
21. a4 Re7 22. Qe2 Qe6 23. Qc2 Bd6 24. Qc4 Qg4 25. f3 Qf4 26. Bc3 Qh6 27. Bd2
Bf4 28. Bxf4 Qxf4 29. Kf2 Red7 30. Ke2 Rd6 31. Qc2 Rc6 32. Qb2 Rg8 33. b4 g5
34. g4 h5 35. Rg1 gxh4 36. Rxh4 hxg4 37. Rgxg4 1-0

[Event "Mechanics' Winter TNM; 30/90, SD/30"]
[Site "San Francisco"]
[Date "2011.02.01"]
[Round "5.9"]
[White "Chalissery, Jossy"]
[Black "Krasnov, Steven"]
[Result "0-1"]
[WhiteElo "1690"]
[BlackElo "1964"]
[PlyCount "82"]
[EventDate "2011.??.??"]

1. b3 e5 2. Bb2 Nc6 3. e3 d5 4. Bb5 Bd6 5. c4 Nf6 6. Nf3 Bg4 7. h3 Bxf3 8. Qxf3
O-O 9. Bxc6 bxc6 10. c5 Bxc5 11. Bxe5 Nd7 12. Bb2 Re8 13. d4 Bb4+ 14. Nc3 c5
15. O-O c6 16. Ne2 cxd4 17. Nxd4 Ne5 18. Qg3 f6 19. Rfd1 Qd7 20. Nf3 Bd6 21.
Nxe5 fxe5 22. Qf3 Re6 23. Qg4 Rf8 24. Rac1 Rff6 25. Qa4 Bb8 26. Rc5 Qb7 27. Ba3
e4 28. Ra5 Qc7 29. Bc5 Qh2+ 30. Kf1 Qh1+ 31. Ke2 Qxg2 32. Rf1 Bg3 33. Rxa7
Rxf2+ 34. Rxf2 Qxf2+ 35. Kd1 Qe1+ 36. Kc2 Qe2+ 37. Kb1 Be5 38. Qa3 Qd3+ 39. Kc1
h6 40. b4 Qc4+ 41. Kb1 Rg6 0-1

[Event "Mechanics' Winter TNM; 30/90, SD/30"]
[Site "San Francisco"]
[Date "2011.02.22"]
[Round "8.6"]
[White "Chalissery, Jossy"]
[Black "Rumph, Todd"]
[Result "0-1"]
[WhiteElo "1690"]
[BlackElo "2119"]
[PlyCount "60"]
[EventDate "2011.??.??"]

1. b3 c5 2. Bb2 Nc6 3. e3 e5 4. Bb5 Nge7 5. c4 g6 6. f4 Bg7 7. Nf3 f6 8. Bxc6
Nxc6 9. fxe5 fxe5 10. O-O d6 11. Nc3 Be6 12. Ne4 O-O 13. a3 Rc8 14. Qe1 Bf5 15.
Ng3 Bd3 16. e4 Bxf1 17. Nxf1 Nd4 18. Nxd4 exd4 19. d3 Rc7 20. Bc1 Rcf7 21. Ng3
Qh4 22. Bd2 Be5 23. Rd1 Rf6 24. b4 R8f7 25. b5 h5 26. Bc1 b6 27. a4 Bf4 28.
Bxf4 Qxf4 29. Qd2 Qxd2 30. Rxd2 h4 0-1

[Event "Mechanics' Winter TNM; 30/90, SD/30"]
[Site "San Francisco"]
[Date "2011.01.18"]
[Round "3.12"]
[White "Chamberlain, Ethan"]
[Black "Nelson, Christopher"]
[Result "1-0"]
[WhiteElo "1844"]
[BlackElo "1544"]
[PlyCount "31"]
[EventDate "2011.??.??"]

1. e4 e5 2. Nf3 Nc6 3. Bc4 Bc5 4. b4 Bxb4 5. c3 Ba5 6. d4 exd4 7. O-O Qe7 8.
Ba3 d6 9. e5 Be6 10. exd6 Qd7 11. Re1 O-O-O 12. Bxe6 fxe6 13. Nxd4 e5 14. Nxc6
Qxc6 15. Rxe5 Nf6 $4 16. Rxa5 1-0

[Event "Mechanics' Winter TNM; 30/90, SD/30"]
[Site "San Francisco"]
[Date "2011.01.04"]
[Round "1.11"]
[White "Chamberlain, Ethan"]
[Black "Olson, David"]
[Result "1-0"]
[WhiteElo "1844"]
[BlackElo "1516"]
[PlyCount "29"]
[EventDate "2011.??.??"]

1. e4 e5 2. Nf3 d6 3. d4 Bg4 4. dxe5 Bxf3 5. Qxf3 dxe5 6. Bc4 Nf6 7. Qb3 Bc5 8.
Bxf7+ Kf8 9. O-O Nxe4 10. Bh5 g6 11. Bh6+ Ke8 12. Bf3 Nxf2 13. Be3 Nh3+ 14. Kh1
Bxe3 15. Bc6+ 1-0

[Event "Mechanics' Winter TNM; 30/90, SD/30"]
[Site "San Francisco"]
[Date "2011.02.15"]
[Round "7.15"]
[White "Chamberlain, Ethan"]
[Black "Standen, Julian"]
[Result "1-0"]
[WhiteElo "1844"]
[BlackElo "1706"]
[Annotator "Donaldson"]
[PlyCount "59"]
[EventDate "2011.??.??"]

1. e4 c6 2. d4 d5 3. Nc3 dxe4 4. Nxe4 Nd7 5. Ng5 Ngf6 6. Bd3 e6 7. N1f3 Bd6 8.
Qe2 h6 9. Ne4 Nxe4 10. Qxe4 Nf6 11. Qe2 (11. Qh4) 11... Qc7 12. Bd2 (12. O-O
O-O 13. c4 c5 14. dxc5 Bxc5 15. b3 Rd8 16. Bb2 Be7 17. Rad1 Bd7 18. Ne5 Be8 $14
19. Qf3 (19. f4)) 12... O-O $6 {This looks risky castling into it but Black's
counterplay in the center should not be underestimated.} ({
The choice of strong GMs is} 12... b6 13. O-O-O Bb7 14. Rhe1 O-O-O 15. Ne5 $14)
(12... c5 {also makes a lot of sense}) 13. Ne5 (13. O-O-O b6 14. g4 (14. Kb1
Bb7 15. c4 c5 16. dxc5 Bxc5 17. Bc3 Rfd8 18. Bxf6 (18. Ne5 a6 19. Rhg1 b5 20.
g4 bxc4 21. Bxc4 Ne4) 18... gxf6 19. Be4 Bxe4+ 20. Qxe4 Bxf2) (14. Rhe1 Bb7 15.
Ne5 c5 16. dxc5 Qxc5 17. Bc3 Rad8 18. Kb1 Nd5 19. Bd4 Qc7 20. Qg4 Nf6 21. Qh4)
14... Bb7 15. h4 (15. g5 hxg5 16. Nxg5 c5) (15. Rhg1 c5 16. dxc5 Bxc5 (16...
bxc5 17. Bc3 c4) 17. g5 hxg5 18. Bxg5) 15... Nxg4 16. Rdg1 h5) 13... b6 $6 (
13... c5 $1) 14. g4 Bb7 $2 (14... c5 $1) 15. g5 hxg5 16. Bxg5 Bxe5 (16... Nd5
17. Rg1 g6 18. Bh6 Rfe8 19. Bxg6) (16... Rfd8 17. Rg1 Kf8 18. Qe3 $16) 17. dxe5
Nd7 18. Bf6 (18. f4) 18... Nxf6 19. exf6 g6 20. Qe3 Kh7 21. Qh3+ Kg8 22. Qe3
Kh7 23. h4 Rh8 24. h5 Kg8 25. O-O-O c5 26. Be4 Bxe4 27. Qxe4 Rd8 28. hxg6 Rxd1+
29. Rxd1 fxg6 30. Qa8+ 1-0

[Event "Mechanics' Winter TNM; 30/90, SD/30"]
[Site "San Francisco"]
[Date "2011.02.01"]
[Round "5.6"]
[White "Chamberlain, Ethan"]
[Black "Zavadsky, Peter"]
[Result "0-1"]
[WhiteElo "1844"]
[BlackElo "2295"]
[PlyCount "86"]
[EventDate "2011.??.??"]

1. e4 e5 2. Nf3 Nc6 3. Bc4 Nf6 4. d4 exd4 5. O-O Be7 6. e5 Ne4 7. Re1 d5 8.
exd6 Nxd6 9. Bb3 O-O 10. Nxd4 Na5 11. Bd5 Bf6 12. Nc3 c6 13. Bf3 Nac4 14. Bf4
Nf5 15. Nxf5 Bxf5 16. Ne4 Bxb2 17. Rb1 Qxd1 18. Rexd1 Rfd8 19. Nd6 Rxd6 20.
Rxd6 Bxc2 21. Rxb2 Nxb2 22. Rd2 Nd3 23. Be3 Ne1 24. Be2 Ba4 25. Rd7 b5 26. Kf1
Nc2 27. Bxa7 Nb4 28. a3 Nd5 29. Bc5 Bb3 30. Bf3 h6 31. Be4 Bc4+ 32. Kg1 Nf6 33.
Re7 Rd8 34. Bf3 Bd5 35. Be2 Ne4 36. Bb6 Ra8 37. f3 Nc3 38. Bd3 Be6 39. Bc5 Rd8
40. Bc2 g6 41. Be4 Bd5 42. Bb6 Ra8 43. Bd4 Ne2+ 0-1

[Event "Mechanics' Winter TNM; 30/90, SD/30"]
[Site "San Francisco"]
[Date "2011.02.08"]
[Round "6.19"]
[White "Clark, Thomas"]
[Black "Hilliard, Michael"]
[Result "0-1"]
[WhiteElo "977"]
[BlackElo "1527"]
[PlyCount "100"]
[EventDate "2011.??.??"]

1. e4 c6 2. d4 d5 3. e5 Bf5 4. c3 e6 5. Nd2 c5 6. g4 Bg6 7. Ne2 Nc6 8. Nf4 $2
cxd4 9. Nxg6 hxg6 10. cxd4 Nxd4 11. Nb3 (11. Qa4+ Nc6 12. Bb5 Qb6) 11... Nc6 (
11... Bb4+ 12. Bd2 Bxd2+ 13. Nxd2 Ne7) 12. Bf4 Bb4+ 13. Nd2 f6 14. Bb5 Nge7 15.
Qc2 Qa5 16. Bxc6+ bxc6 17. O-O Qc7 (17... fxe5 18. Nb3 Qc7 $17) 18. Nf3 Kf7 19.
Rac1 Rac8 20. Qa4 Qb7 21. a3 a5 22. axb4 axb4 23. exf6 gxf6 24. Bd6 Rh3 25. Kg2
Rch8 26. Bxb4 $4 (26. Qxb4 $16) 26... Qb8 $4 (26... c5 $3 27. Bxc5 d4 {wins})
27. Rh1 $2 (27. Ba3) 27... Qf4 $1 28. Rc3 Qxg4+ 29. Kf1 Rxf3 30. Rg1 Qh3+ (
30... Rxf2+ 31. Kxf2 Rxh2+ 32. Ke3 Qe4#) 31. Rg2 Rxc3 32. Bxc3 Qd3+ 33. Ke1 Rh5
34. Qf4 Qf5 35. Qe3 Rg5 36. Rg3 Rxg3 37. hxg3 Qe4 38. Kd2 Qxe3+ 39. Kxe3 e5 40.
Bb4 d4+ 41. Ke4 Nd5 42. Bc5 Ke6 43. f4 f5+ 44. Kf3 e4+ 45. Ke2 d3+ 46. Kd2 Nf6
47. Bf2 Kd5 48. Kc3 c5 49. Be1 c4 50. Kb4 e3 0-1

[Event "Mechanics' Winter TNM; 30/90, SD/30"]
[Site "San Francisco"]
[Date "2011.01.04"]
[Round "1.16"]
[White "Clark, Thomas"]
[Black "Newey, Richard"]
[Result "0-1"]
[WhiteElo "977"]
[BlackElo "1710"]
[PlyCount "68"]
[EventDate "2011.??.??"]

1. e4 c5 2. Nf3 e6 3. d4 cxd4 4. Nxd4 a6 5. Nc3 Qc7 6. Be2 Nf6 7. Qd3 Bb4 8.
Bd2 Nc6 9. O-O Nxd4 10. Qxd4 Bc5 11. Qd3 b5 12. Be3 Bb7 13. Bf3 Bxe3 14. Qxe3
O-O 15. a3 d6 16. Rfd1 Rfd8 17. Rd4 Nd7 18. Rad1 Ne5 19. R1d2 Nc4 20. Nxb5 axb5
21. Qc3 Rac8 22. Re2 Qb6 23. Rd3 Ne5 24. Qd4 Qc5 25. b4 Qc4 26. Qe3 Nxd3 27.
cxd3 Qc1+ 28. Re1 Qxe3 29. fxe3 Rc3 30. Kf2 Rxd3 31. Be2 Rxa3 32. Kf3 Rb3 33.
Rc1 Rxb4 34. Rc7 Bxe4+ 0-1

[Event "Mechanics' Winter TNM; 30/90, SD/30"]
[Site "San Francisco"]
[Date "2011.02.15"]
[Round "7.2"]
[White "Cunningham, Robin"]
[Black "Gaffagan, Steven"]
[Result "1/2-1/2"]
[WhiteElo "2265"]
[BlackElo "2065"]
[PlyCount "112"]
[EventDate "2011.??.??"]

1. e4 c5 2. Nf3 e6 3. c3 d5 4. exd5 exd5 5. d4 Nc6 6. Bb5 Bd6 7. O-O Nge7 8.
dxc5 Bxc5 9. Nbd2 O-O 10. Nb3 Bb6 11. Bd3 Bf5 12. Re1 Rc8 13. Be3 Bc7 14. Nbd4
Bg6 15. Bg5 Qd7 16. Bxe7 Nxe7 17. Ne5 Qd8 18. Nxg6 hxg6 19. Bc2 Nc6 20. Nf3 Bb6
21. Ba4 Qd6 22. Qd3 Rcd8 23. Rad1 Qf4 24. Bb3 Rd6 25. Bxd5 Rfd8 26. c4 Nb4 27.
Qd2 Qxd2 28. Rxd2 Nxd5 29. cxd5 Rxd5 30. Rxd5 Rxd5 31. Re8+ Kh7 32. h4 f6 33.
g4 Rc5 34. Re2 Rc4 35. g5 Bc5 36. Kg2 Kg8 37. b3 Rc3 38. Rd2 Bb6 39. Nd4 Kf7
40. Nb5 Rc5 41. Nd6+ Ke6 42. Nxb7 Rd5 43. Re2+ Kd7 44. gxf6 gxf6 45. b4 Rd4 46.
Nc5+ Bxc5 47. bxc5 Rc4 48. Rd2+ Ke6 49. Rd6+ Ke5 50. Ra6 Rxc5 51. Rxa7 Rc4 52.
Kg3 Rc3+ 53. f3 Rc4 54. a3 Kf5 55. Rb7 Ra4 56. Rb3 Ke5 1/2-1/2

[Event "Mechanics' Winter TNM; 30/90, SD/30"]
[Site "San Francisco"]
[Date "2011.02.08"]
[Round "6.1"]
[White "Cunningham, Robin"]
[Black "Grey, Peter"]
[Result "1/2-1/2"]
[WhiteElo "2265"]
[BlackElo "2001"]
[PlyCount "39"]
[EventDate "2011.??.??"]

1. e4 c5 2. Nf3 e6 3. c3 Nf6 4. e5 Nd5 5. d4 cxd4 6. cxd4 d6 7. Nc3 Nxc3 8.
bxc3 Nc6 9. Bd3 dxe5 10. dxe5 Qa5 11. O-O Nxe5 12. Nxe5 Qxe5 13. Re1 Qc7 14.
Bb5+ Bd7 15. Bf4 Qc8 16. Qh5 Bxb5 17. Qxb5+ Qc6 18. Qe5 Qc5 19. Qe4 Qc6 20. Qe5
1/2-1/2

[Event "Mechanics' Winter TNM; 30/90, SD/30"]
[Site "San Francisco"]
[Date "2011.01.18"]
[Round "3.1"]
[White "Cunningham, Robin"]
[Black "Klinetobe, David"]
[Result "1-0"]
[WhiteElo "2265"]
[BlackElo "2000"]
[PlyCount "61"]
[EventDate "2011.??.??"]

1. e4 e6 2. Nf3 d5 3. Nc3 Nf6 4. e5 Nfd7 5. d4 c5 6. dxc5 Nc6 7. Bf4 Bxc5 8.
Bd3 f6 9. exf6 Nxf6 10. O-O O-O 11. Ne5 Bd7 12. Qe2 Qe7 13. Rae1 Rae8 14. a3 a6
15. Kh1 Bd4 16. Nxc6 Bxc6 17. Be5 Bxe5 18. Qxe5 Nd7 19. Qd4 e5 20. Nxd5 Qd6 21.
Qb4 Qe6 22. Ne3 b5 23. Qh4 g6 24. Be4 Rf4 25. Bxc6 Qxc6 (25... Rxh4 26. Bd5
Qxd5 27. Nxd5 $16) 26. Qh3 Ref8 27. Kg1 Nf6 28. Rd1 Ne4 29. Nd5 Qxc2 30. Nxf4
Nxf2 31. Qe6+ 1-0

[Event "Mechanics' Winter TNM; 30/90, SD/30"]
[Site "San Francisco"]
[Date "2011.01.04"]
[Round "1.1"]
[White "Cunningham, Robin"]
[Black "Litowsky, Daniel"]
[Result "1-0"]
[WhiteElo "2265"]
[BlackElo "1700"]
[PlyCount "71"]
[EventDate "2011.??.??"]

1. e4 e5 2. d4 exd4 3. Qxd4 Nc6 4. Qe3 b6 5. Nc3 Bb7 6. Bd2 Nf6 7. O-O-O Bc5 8.
Qg3 Qe7 9. e5 Nh5 10. Qg4 g6 11. f4 O-O-O 12. Nf3 Ng7 13. Bc4 Ne6 14. Nd5 Qf8
15. Qh4 Ne7 16. Nxe7+ Qxe7 17. Qxe7 Bxe7 18. Rhf1 h6 19. g3 d5 20. exd6 Bxd6
21. Bc3 Rhe8 22. Ne5 Bxe5 23. Bxe5 Rxd1+ 24. Rxd1 Rd8 25. Rxd8+ Kxd8 26. Kd2
Kd7 27. Ke3 a6 28. a4 Bc6 29. b3 b5 30. axb5 axb5 31. Be2 h5 32. f5 Nf8 33. Kf4
Nh7 34. h4 f6 35. fxg6 fxe5+ 36. Kf5 1-0

[Event "Mechanics' Winter TNM; 30/90, SD/30"]
[Site "San Francisco"]
[Date "2011.02.01"]
[Round "5.16"]
[White "Dembling, Arthur"]
[Black "Habeeb, Kenneth"]
[Result "1-0"]
[WhiteElo "1799"]
[BlackElo "1524"]
[PlyCount "31"]
[EventDate "2011.??.??"]

1. e4 c5 2. Nf3 d6 3. Bb5+ Bd7 4. Bxd7+ Nxd7 5. O-O Ngf6 6. d3 g6 7. Ng5 h6 8.
Nh3 Qb6 9. Qe2 Bg7 10. Nd2 Ne5 11. Kh1 Qc7 12. f4 Nc6 13. c3 O-O-O 14. a4 a5
15. Nc4 d5 16. Na3 {B time expired} 1-0

[Event "Mechanics' Winter TNM; 30/90, SD/30"]
[Site "San Francisco"]
[Date "2011.01.18"]
[Round "3.19"]
[White "Dembling, Arthur"]
[Black "Montoya, Daniel"]
[Result "1-0"]
[WhiteElo "1799"]
[BlackElo "1496"]
[PlyCount "89"]
[EventDate "2011.??.??"]

1. e4 e5 2. Nf3 Nc6 3. Bb5 f5 4. Bxc6 dxc6 5. Nc3 Nf6 6. Qe2 Bd6 7. d4 fxe4 8.
Nxe4 Nxe4 9. Qxe4 O-O 10. O-O Bf5 11. Qe2 Bg4 12. Qc4+ Kh8 13. Nxe5 Bh5 14. Be3
Qh4 15. Qb3 c5 16. c3 cxd4 17. cxd4 c5 18. Qd5 Rad8 19. dxc5 Bb8 20. Qc4 Qf6
21. Ng4 Qh4 22. h3 Bf7 23. Qc1 Be6 24. Bg5 Qh5 25. Bxd8 Rxd8 26. Rd1 Rf8 27.
Rd4 Qf5 28. Qe3 Bf4 29. Rxf4 Qxf4 30. Qxe6 h5 31. Ne3 Qxf2+ 32. Kh1 Qxb2 33.
Rd1 Qe2 34. Qe4 Qb5 35. Qd5 Re8 36. Qxh5+ Kg8 37. Nf5 Qe2 38. Qxe2 Rxe2 39. Rd7
Rxa2 40. Rxg7+ Kf8 41. Rxb7 Rc2 42. Nd4 Rc1+ 43. Kh2 a5 44. Ra7 Rc4 45. Ne6+
1-0

[Event "Mechanics' Winter TNM; 30/90, SD/30"]
[Site "San Francisco"]
[Date "2011.01.04"]
[Round "1.13"]
[White "Dembling, Arthur"]
[Black "Morgan, Jerry"]
[Result "1/2-1/2"]
[WhiteElo "1799"]
[BlackElo "1507"]
[PlyCount "104"]
[EventDate "2011.??.??"]

1. e4 c6 2. d4 d5 3. exd5 cxd5 4. c4 Nf6 5. Nc3 Nc6 6. Nf3 Bg4 7. Qb3 Bxf3 8.
gxf3 Nxd4 9. Qa4+ Qd7 10. Qxd7+ Nxd7 11. Nxd5 O-O-O 12. Rb1 Nxf3+ 13. Ke2 Nde5
14. Bg2 Nd4+ 15. Kf1 e6 16. Bf4 Nef3 17. Nc3 Bd6 18. Be3 Nxh2+ 19. Kg1 Nhf3+
20. Bxf3 Nxf3+ 21. Kg2 Ne5 22. c5 Bb8 23. Rbc1 Nc6 24. Ne4 h6 25. a3 a5 26. Nd2
f5 27. Nc4 Bc7 28. Nb6+ Kb8 29. Rcd1 Bxb6 30. cxb6 Kc8 31. Rc1 Rd5 32. Rc2 Kd7
33. Rhc1 e5 34. f3 g5 35. Bc5 a4 36. Bb4 Re8 37. Rh1 Re6 38. Bf8 e4 39. fxe4
fxe4 40. Bxh6 e3 41. Re2 Rd2 42. Kf1 Rd1+ 43. Re1 Rf6+ 44. Ke2 Rxe1+ 45. Kxe1
Nd4 46. Bxg5 Nf3+ 47. Ke2 Nxg5 48. Rg1 Nf7 49. Rg4 Rxb6 50. Rxa4 Rxb2+ 51. Kxe3
Rb3+ 52. Kd4 Rb6 1/2-1/2

[Event "Mechanics' Winter TNM; 30/90, SD/30"]
[Site "San Francisco"]
[Date "2011.02.22"]
[Round "8.18"]
[White "Dembling, Arthur"]
[Black "Nelson, Christopher"]
[Result "1/2-1/2"]
[WhiteElo "1799"]
[BlackElo "1544"]
[PlyCount "71"]
[EventDate "2011.??.??"]

1. e4 e5 2. Nf3 Nc6 3. Bb5 g6 4. d4 Bg7 5. Bg5 Nge7 6. Bxc6 dxc6 7. c3 O-O 8.
O-O Bg4 9. h3 Bxf3 10. Qxf3 f6 11. Be3 b5 12. Rd1 Qe8 13. Na3 f5 14. dxe5 Bxe5
15. Bd4 Nc8 16. Nc2 fxe4 17. Qe3 Nd6 18. Bxe5 Qxe5 19. Re1 Qf6 20. b3 Nf5 21.
Qxe4 Rae8 22. Qf3 Rd8 23. Re2 Qd6 24. Rae1 Nd4 25. Qxf8+ Rxf8 26. Nxd4 b4 27.
Re6 Qf4 28. R6e2 Qf6 29. Ne6 Re8 30. cxb4 Qc3 31. Re4 Qc2 32. R1e2 Qd1+ 33. Re1
Qd6 34. R1e2 Qd1+ 35. Re1 Qd2 36. R1e2 1/2-1/2

[Event "Mechanics' Winter TNM; 30/90, SD/30"]
[Site "San Francisco"]
[Date "2011.02.15"]
[Round "7.21"]
[White "Frank, Robert"]
[Black "Capdeville, Barry"]
[Result "1-0"]
[WhiteElo "1291"]
[BlackElo "1268"]
[PlyCount "49"]
[EventDate "2011.??.??"]

1. d4 Nf6 2. Nf3 g6 3. g3 b6 4. Bg2 Bb7 5. O-O Bg7 6. Re1 c5 7. c3 d6 8. Nbd2
Nbd7 9. e4 e5 10. d5 Nf8 11. h3 N8d7 12. Nh2 O-O 13. Nc4 Nh5 14. Ng4 f5 15.
Nh6+ Kh8 16. Nxd6 Bxh6 17. Bxh6 Ng7 18. Nxb7 Qc7 19. exf5 Rxf5 20. d6 Qc8 21.
a4 Ne6 22. Qd5 Qe8 23. Nxc5 e4 24. Qxe4 Rd8 25. Nxe6 1-0

[Event "Mechanics' Winter TNM; 30/90, SD/30"]
[Site "San Francisco"]
[Date "2011.01.25"]
[Round "4.18"]
[White "Frank, Robert"]
[Black "Habeeb, Kenneth"]
[Result "0-1"]
[WhiteElo "1291"]
[BlackElo "1524"]
[PlyCount "88"]
[EventDate "2011.??.??"]

1. d4 d5 2. Nf3 Nf6 3. e3 Bg4 4. c4 c6 5. Nc3 e6 6. h3 Bh5 7. c5 Be7 8. Bd3
Nbd7 9. b4 a6 10. a4 O-O 11. e4 dxe4 12. Nxe4 Nxe4 13. Bxe4 Nf6 14. Bc2 Qd5 15.
Be3 Ne4 16. Bb3 Qd8 17. O-O Ng5 18. g4 Nxh3+ 19. Kg2 Bxg4 20. Rh1 Ng5 21. Bxg5
Bxg5 22. Bc2 g6 23. Kg3 Bh5 24. Qd3 Bxf3 25. Kxf3 Qd5+ 26. Ke2 Rfd8 27. Rag1
Bf6 28. Qh3 Kf8 29. Rd1 h5 30. Qf3 Qxf3+ 31. Kxf3 Rxd4 32. Rxd4 Bxd4 33. Ke4
Rd8 34. Rd1 Bf6 35. f4 Rxd1 36. Bxd1 Ke7 37. Be2 Kd8 38. Bd3 h4 39. Bf1 Bc3 40.
b5 axb5 41. axb5 Bb4 42. bxc6 bxc6 43. Kd4 Kc7 44. Kc4 Bd2 0-1

[Event "Mechanics' Winter TNM; 30/90, SD/30"]
[Site "San Francisco"]
[Date "2011.02.01"]
[Round "5.20"]
[White "Frank, Robert"]
[Black "Hilliard, Michael"]
[Result "1-0"]
[WhiteElo "1291"]
[BlackElo "1527"]
[PlyCount "85"]
[EventDate "2011.??.??"]

1. d4 d5 2. Nf3 Nf6 3. e3 e6 4. Bd3 c5 5. c3 Nc6 6. Nbd2 Be7 7. O-O O-O 8. dxc5
Bxc5 9. e4 Qc7 10. exd5 exd5 11. Re1 Bg4 12. h3 Be6 13. Nf1 Rfe8 14. Bg5 Qb6
15. Re2 Nd7 16. Be3 Rad8 17. b4 Bxe3 18. Nxe3 Nde5 19. Nxe5 Nxe5 20. Nc2 Qc7
21. Re3 Nc4 22. Rg3 Nb2 23. Qd2 Nxd3 24. Rxd3 b5 25. a4 a6 26. Nd4 Rc8 27. axb5
axb5 28. Nxb5 Qb6 29. Nd4 Rc4 30. Rg3 Rec8 31. Re1 g6 32. Rge3 Re8 33. Qe2 Rxd4
34. cxd4 Qxd4 35. Qb5 Re7 36. Qb8+ Kg7 37. b5 Qb4 38. b6 d4 39. Re4 Qb2 40.
Qe5+ f6 41. Qxd4 Qb3 42. Qb4 Qxb4 43. Rxb4 1-0

[Event "Mechanics' Winter TNM; 30/90, SD/30"]
[Site "San Francisco"]
[Date "2011.01.25"]
[Round "4.2"]
[White "Fuentes, Romulo"]
[Black "Byambaa, Uyanga"]
[Result "1/2-1/2"]
[WhiteElo "2247"]
[BlackElo "1829"]
[PlyCount "69"]
[EventDate "2011.??.??"]

1. e4 c5 2. Nf3 Nc6 3. d4 cxd4 4. Nxd4 g6 5. Nc3 Bg7 6. Be3 Nf6 7. Bc4 O-O 8.
Bb3 e6 9. O-O d5 10. exd5 exd5 11. h3 a6 12. Qd2 Re8 13. Rad1 Be6 14. Rfe1 Na5
15. Bg5 Nxb3 16. axb3 Qc7 17. Re2 b5 18. Rde1 Qd7 19. Qf4 Nh5 20. Qh4 h6 21.
Nxe6 fxe6 22. Bd2 e5 23. Qg4 Qf7 24. Qb4 Rad8 25. Ra1 Re6 26. Rae1 e4 27. Nd1
Nf4 28. Bxf4 Qxf4 29. Qd2 Qxd2 30. Rxd2 Kf7 31. c3 h5 32. Rde2 Rde8 33. Ne3 Rd6
34. Nc2 Ree6 35. Rd1 {remainder illegible/missing} 1/2-1/2

[Event "Mechanics' Winter TNM; 30/90, SD/30"]
[Site "San Francisco"]
[Date "2011.01.18"]
[Round "3.5"]
[White "Fuentes, Romulo"]
[Black "Manvelyan, Hovik"]
[Result "1-0"]
[WhiteElo "2247"]
[BlackElo "1992"]
[PlyCount "67"]
[EventDate "2011.??.??"]

1. e4 c6 2. d4 d5 3. e5 Bf5 4. Nc3 Qb6 5. Qd2 h5 6. Nge2 g6 7. Na4 Qc7 8. Ng3
Bh6 9. f4 e6 10. Nxf5 exf5 11. b3 Bf8 12. Be2 Nd7 13. c4 Nb6 14. Nxb6 Qxb6 15.
Bb2 Bb4 16. Bc3 Bxc3 17. Qxc3 Ne7 18. c5 Qc7 19. O-O O-O 20. Qg3 Kh7 21. Qg5
Rh8 22. Rf3 Ng8 23. Bd3 Qd8 24. Qg3 Qa5 25. Qf2 Nh6 26. h3 Rhe8 27. a3 Ng8 28.
Qc2 Qc7 29. Bxf5 gxf5 30. Qxf5+ Kh6 31. Qg5+ Kh7 32. Rg3 f6 33. Qxh5+ Nh6 34.
Qg6+ 1-0

[Event "Mechanics' Winter TNM; 30/90, SD/30"]
[Site "San Francisco"]
[Date "2011.02.08"]
[Round "6.7"]
[White "Fuentes, Romulo"]
[Black "Todortsev, Victor"]
[Result "0-1"]
[WhiteElo "2247"]
[BlackElo "1919"]
[PlyCount "70"]
[EventDate "2011.??.??"]

1. e4 e5 2. Nf3 Nc6 3. d4 exd4 4. Bc4 Bb4+ 5. c3 dxc3 6. bxc3 Bc5 7. Bxf7+ Kxf7
8. Qd5+ Kf8 9. Qxc5+ d6 10. Qc4 Nf6 11. O-O Qe7 12. e5 Nxe5 13. Nxe5 Qxe5 14.
Qxc7 Qe7 15. Qc4 Be6 16. Qd4 Kf7 17. Re1 Qc7 18. Ba3 d5 19. Nd2 Rhe8 20. Re3
Kg8 21. Rg3 Nh5 22. Rf3 Bf7 23. Rb1 b6 24. Rf5 g6 25. Rg5 Nf4 26. Qb4 Ne2+ 27.
Kh1 Qxc3 28. h4 d4 29. h5 Rac8 30. hxg6 hxg6 31. Nf3 Qxb4 32. Bxb4 Nc3 33. Rb2
d3 34. Ne5 Ne4 35. Nxf7 Kxf7 0-1

[Event "Mechanics' Winter TNM; 30/90, SD/30"]
[Site "San Francisco"]
[Date "2011.02.08"]
[Round "6.6"]
[White "Gaffagan, Steven"]
[Black "Alzhin, Leonid"]
[Result "1-0"]
[WhiteElo "2065"]
[BlackElo "1563"]
[PlyCount "71"]
[EventDate "2011.??.??"]

1. e4 e5 2. Nf3 Nc6 3. Bb5 d6 4. c3 Bd7 5. d4 a6 6. Ba4 Nf6 7. Nbd2 Be7 8. O-O
O-O 9. Re1 Re8 10. h3 Bf8 11. Bc2 b5 12. Nf1 Na5 13. Ng3 c6 14. b3 h6 15. Nh2
Qc7 16. f4 Rad8 17. Kh1 Bc8 18. Qf3 exd4 19. cxd4 d5 20. e5 c5 21. Bd2 Nh7 22.
dxc5 Bxc5 23. Rec1 Qe7 24. Bxa5 Rd7 25. Bf5 Rb7 26. Bxc8 Rxc8 27. b4 Rbb8 28.
bxc5 Rxc5 29. Rxc5 Qxc5 30. Bd2 b4 31. Rc1 Qd4 32. Be3 Qb2 33. Qxd5 b3 34. axb3
Rxb3 35. Rc8+ Nf8 36. Rxf8+ 1-0